MARC details
| 000 -LEADER |
| fixed length control field |
03437cam a2200577 i 4500 |
| 001 - CONTROL NUMBER |
| control field |
data |
| 008 - FIXED-LENGTH DATA ELEMENTS--GENERAL INFORMATION |
| fixed length control field |
data |
| 005 - DATE AND TIME OF LATEST TRANSACTION |
| control field |
20260322212122.0 |
| 010 ## - LIBRARY OF CONGRESS CONTROL NUMBER |
| LC control number |
2018383238 |
| 016 7# - NATIONAL BIBLIOGRAPHIC AGENCY CONTROL NUMBER |
| Record control number |
1135611343 |
| Source |
DE-101 |
| 020 ## - INTERNATIONAL STANDARD BOOK NUMBER |
| International Standard Book Number |
9783643135957 |
| Qualifying information |
(pbk.) |
| 020 ## - INTERNATIONAL STANDARD BOOK NUMBER |
| International Standard Book Number |
3643135955 |
| 024 3# - OTHER STANDARD IDENTIFIER |
| Standard number or code |
9783643135957 |
| 035 ## - SYSTEM CONTROL NUMBER |
| System control number |
(OCoLC)1004222948 |
| 040 ## - CATALOGING SOURCE |
| Original cataloging agency |
OHX |
| Language of cataloging |
eng |
| Transcribing agency |
OHX |
| Modifying agency |
DLC |
| -- |
OCLCO |
| -- |
OCLCF |
| -- |
STF |
| -- |
OCLCQ |
| -- |
OCLCO |
| -- |
OCLCQ |
| -- |
OCLCL |
| -- |
DLC |
| Description conventions |
rda |
| 042 ## - AUTHENTICATION CODE |
| Authentication code |
lccopycat |
| 050 00 - LIBRARY OF CONGRESS CALL NUMBER |
| Classification number |
GV706 |
| Item number |
.F73 2017 |
| 072 #7 - SUBJECT CATEGORY CODE |
| Subject category code |
GV |
| Source |
lcco |
| 072 #7 - SUBJECT CATEGORY CODE |
| Subject category code |
HM |
| Source |
lcco |
| 100 1# - MAIN ENTRY--PERSONAL NAME |
| Personal name |
Franz, Manfred, |
| Relator term |
author. |
| 245 10 - TITLE STATEMENT |
| Title |
Neue Denkwege im Sport : |
| Remainder of title |
theoretische Grundlagen / |
| Statement of responsibility, etc. |
Manfred Franz / Detlef Köpke. |
| 264 #1 - PRODUCTION, PUBLICATION, DISTRIBUTION, MANUFACTURE, AND COPYRIGHT NOTICE |
| Place of production, publication, distribution, manufacture |
Berlin : |
| Name of producer, publisher, distributor, manufacturer |
Lit, |
| Date of production, publication, distribution, manufacture, or copyright notice |
[2017] |
| 300 ## - PHYSICAL DESCRIPTION |
| Extent |
ii, 322 pages ; |
| Dimensions |
21 cm. |
| 336 ## - CONTENT TYPE |
| Content type term |
text |
| Content type code |
txt |
| Source |
rdacontent |
| 337 ## - MEDIA TYPE |
| Media type term |
unmediated |
| Media type code |
n |
| Source |
rdamedia |
| 338 ## - CARRIER TYPE |
| Carrier type term |
volume |
| Carrier type code |
nc |
| Source |
rdacarrier |
| 490 0# - SERIES STATEMENT |
| Series statement |
Sportwissenschaft ; |
| Volume/sequential designation |
Band 8 |
| 504 ## - BIBLIOGRAPHY, ETC. NOTE |
| Bibliography, etc. note |
Includes bibliographical references (pages 315-322). |
| 505 00 - FORMATTED CONTENTS NOTE |
| Miscellaneous information |
Literaturverzeichnis. |
| Title |
Popularitätsfaktoren, die das Verhältnisses "Sport-Gesellschaft" beeinflussen -- |
| -- |
Grundlegendes zur Theorie der Regelqualität -- |
| -- |
Zum Sportbegriff und inneren Struktur des Sports -- |
| -- |
Die Ausgangsposition -- |
| -- |
Der Transformationsprozess -- |
| -- |
Die Betätigungen -- |
| -- |
Tätigkeiten : Festlegung der primären Wesensmerkmale -- |
| -- |
Erscheinungsformen : Festlegung der sekundären Wesensmerkmale -- |
| -- |
Beziehungen zwischen handelnden Personen -- |
| -- |
Weitere Grundprobleme -- |
| -- |
Grenzziehungsmechanismen -- |
| -- |
Konfliktkultur im Sport -- |
| -- |
Methode zur Schaffung einer widerspruchsfreien Sport-Definition -- |
| -- |
Oberbegriff Gesamtsport -- |
| -- |
Regeltheoretischer Sport -- |
| -- |
Regelqualitativer Sport -- |
| -- |
Praktisch ausgeübter Sport -- |
| -- |
Verhältnis von Personen zu ausgeübten Erscheinungsformen -- |
| -- |
Integrationssport -- |
| -- |
Die Aussengrenze des regeltheoretischen Sports -- |
| -- |
Innere Systematisierungen im Gesamtsport -- |
| -- |
Grenzproblematik -- |
| -- |
Definition regeltheoretischer Sport -- |
| -- |
Literaturbewertung -- |
| -- |
Popularität des Sports -- |
| -- |
Erläuterungen zum Begriff 'Popularität' -- |
| -- |
Entstehung der Einstellung zum Sport -- |
| -- |
Sportartspezifische Betrachtung der Popularität -- |
| -- |
Die Popularitätsgrössen -- |
| -- |
Zuschauerresonanz -- |
| -- |
Zahl der Aktiven -- |
| -- |
Zahl der Sportförderungsinstitutionen -- |
| -- |
Erläuterungen zum Begriff 'Popularitätsfaktor' -- |
| -- |
Der Popularitätsfaktor 'Schauwert' -- |
| -- |
Popularitätsfaktor 'Regelqualität' -- |
| -- |
Popularitätsfaktoren, die das Verhältnisses "Sport-Gesellschaft" beeinflussen -- |
| Miscellaneous information |
Zusammenfassung -- |
| -- |
Literaturverzeichnis. |
| 650 #0 - SUBJECT ADDED ENTRY--TOPICAL TERM |
| Topical term or geographic name entry element |
Sports. |
| 650 #0 - SUBJECT ADDED ENTRY--TOPICAL TERM |
| Topical term or geographic name entry element |
Sports |
| Form subdivision |
Rules. |
| 650 #0 - SUBJECT ADDED ENTRY--TOPICAL TERM |
| Topical term or geographic name entry element |
Sports |
| General subdivision |
Philosophy. |
| 650 #0 - SUBJECT ADDED ENTRY--TOPICAL TERM |
| Topical term or geographic name entry element |
Sports sciences. |
| 650 #6 - SUBJECT ADDED ENTRY--TOPICAL TERM |
| Topical term or geographic name entry element |
Sports. |
| 650 #6 - SUBJECT ADDED ENTRY--TOPICAL TERM |
| Topical term or geographic name entry element |
Sports |
| Form subdivision |
Règles. |
| 650 #6 - SUBJECT ADDED ENTRY--TOPICAL TERM |
| Topical term or geographic name entry element |
Sports |
| General subdivision |
Philosophie. |
| 650 #6 - SUBJECT ADDED ENTRY--TOPICAL TERM |
| Topical term or geographic name entry element |
Sciences du sport. |
| 650 #7 - SUBJECT ADDED ENTRY--TOPICAL TERM |
| Topical term or geographic name entry element |
sports. |
| Source of heading or term |
aat |
| 650 #7 - SUBJECT ADDED ENTRY--TOPICAL TERM |
| Topical term or geographic name entry element |
Sports. |
| Source of heading or term |
fast |
| Authority record control number or standard number |
(OCoLC)fst01130432 |
| 650 #7 - SUBJECT ADDED ENTRY--TOPICAL TERM |
| Topical term or geographic name entry element |
Sports |
| General subdivision |
Philosophy. |
| Source of heading or term |
fast |
| Authority record control number or standard number |
(OCoLC)fst01130484 |
| 650 #7 - SUBJECT ADDED ENTRY--TOPICAL TERM |
| Topical term or geographic name entry element |
Sports sciences. |
| Source of heading or term |
fast |
| Authority record control number or standard number |
(OCoLC)fst01130746 |
| 655 #7 - INDEX TERM--GENRE/FORM |
| Genre/form data or focus term |
Rules. |
| Source of term |
fast |
| Authority record control number or standard number |
(OCoLC)fst01423857 |
| 906 ## - LOCAL DATA ELEMENT F, LDF (RLIN) |
| a |
7 |
| b |
cbc |
| c |
copycat |
| d |
3 |
| e |
ncip |
| f |
20 |
| g |
y-gencatlg |
| 923 ## - |
| -- |
20180411 |
| -- |
0167693 |
| -- |
GyWOH |
| 925 0# - |
| -- |
acquire |
| -- |
1 shelf copy |
| -- |
policy default |
| 936 ## - OCLC/CONSER MISCELLANEOUS DATA (OCLC); PIECE USED FOR CATALOGING (pre-AACR2) (RLIN) |
| OCLC control number(s) of parallel record(s) (OCLC); Piece used for cataloging, PUC (RLIN) |
BATCHLOAD |
| 985 ## - |
| -- |
VENDOR LOAD |
| 985 ## - |
| -- |
PCSC contract |